000 00470nam a2200157 i 4500
001 35926
003 ES-MaACL
007 t|
008 030214s1923 fr ||||1| fre d
100 1 _aBourcier, Edouard.
_930951
245 1 0 _aEléments de linguistique romane /
_cEdouard Bourcier.
250 _a2eme ed. ref. et compl.
260 _aParís :
_b[s.n.,
_c1923] (
_eMaçon :
_fProtat Frères)
300 _aXXIII, 722 p. ;
_c21 cm.
852 _aES-MaACL
_jB-4017
_bR.5173
999 _c35926
_d35926